[Event "Peiraikos 60th Anniv op"]
[Site "Piraeus"]
[Date "2006.09.07"]
[Round "6"]
[White "Kafouros, Spyridon"]
[Black "Konstantinakos, Panagiotis"]
[Result "1-0"]
[WhiteElo "1000"]
[BlackElo "1005"]
[PlyCount "109"]
[EventDate "2006.09.02"]
[EventType "swiss"]
[EventRounds "7"]
[EventCountry "GRE"]
[SourceTitle "EXT 2008"]
[Source "ChessBase"]
[SourceDate "2007.11.25"]
[SourceVersion "1"]
[SourceVersionDate "2007.11.25"]
[SourceQuality "1"]

1. e4 c5 2. Nf3 d6 3. d4 b6 4. Nc3 Bb7 5. Bc4 e6 6. Bf4 Be7 7. 0-0 Nf6 8. Re1 h6 9. Qd3 Nbd7 10. Bb5 0-0 11. d5 e5 12. Bd2 a6 13. Bxd7 Qxd7 14. Ne2 Qb5 15. c4 Qxb2 16. Reb1 Qxb1+ 17. Rxb1 b5 18. Nh4 Bc8 19. Nf5 Re8 20. Qg3 Bxf5 21. exf5 Ne4 22. Qd3 Nxd2 23. Qxd2 Bg5 24. f4 exf4 25. Nxf4 Re4 26. g3 Rae8 27. h4 Bxf4 28. gxf4 Rxc4 29. Qg2 Rxf4 30. Rf1 Rxf1+ 31. Kxf1 f6 32. Qg3 Rd8 33. Qe3 b4 34. a3 a5 35. Ke1 Kf7 36. Kd2 Re8 37. Qd3 Re5 38. Qa6 Rxd5+ 39. Kc2 Rxf5 40. Qxd6 bxa3 41. Qc7+ Kg6 42. Qxa5 c4 43. Qxa3 Rf4 44. Qg3+ Kf7 45. Qxf4 g5 46. Qxc4+ Kg6 47. Qe6 gxh4 48. Qg4+ Kh7 49. Qxh4 Kg7 50. Kd3 Kg6 51. Qg4+ Kh7 52. Ke4 Kh8 53. Kf5 Kh7 54. Kxf6 Kh8 55. Qg7# 1-0